000
00274nam a22000977a 4500
999
_c
508346
_d
508346
082
_a
U61 DVC
100
_a
West Bengal. Damodar Valley Corporation
_9
3634
245
_a
Durgapur barrage and canals:
_b
a souvenir
260
_a
Calcutta
_b
Sree Saraswaty Press
_c
1955
300
_a
v.p.